000 00312nam a2200121 i 4500
001 bg
245 0 0 _aPolski słownik biograficzny.
_nT.5,
_pDąbrowski Jan Henryk-Dunin Koh Stanisław.
260 _aWrocław,
_c1977.
040 _cBPK
041 _apol
942 _cKS
008 s pl f |000 0 pol
999 _c34860
_d34860
856 _uhttp://koha.tu.koszalin.pl/cgi-bin/koha/opac-detail.pl?biblionumber=34860
_yKatalog online BPK